Statistics for War by Picture

Click here to take the quiz!

General Stats

  • This quiz has been taken 591 times
    (466 since last reset)
  • The average score is 7 of 15

Answer Stats

Answer% Correct
Vietnam War
92%
World War II
78%
World War I
69%
American Civil War
59%
Napoleonic Wars
59%
Gulf War
58%
Korean War
58%
War in Afghanistan
55%
Hundred Years' War
49%
Punic Wars
41%
English Civil War
30%
Russo-Japanese War
27%
Spanish Civil War
25%
Second Boer War
17%
Yom Kippur War
17%

Score Distribution

Percentile by Number Answered

Percent of People with Each Score

Your Score History

You have not taken this quiz since the last reset